Every games in squid game 1-3 - Statistics

General Stats
  • This quiz has been taken 128 times
  • The average score is 17 of 23
Answer Stats
Hint Answer % Correct
Season 1 Red light Green light
98%
Season 2 Red light Green light
98%
Season 1 Dalgona
96%
Season 1 Glass stepping stones/ Glass bridge
90%
Season 1 Squid game
90%
Season 1 Gganbu/Marbles
88%
Season 1 Tug of war
88%
Season 3 Hide and Seek
80%
Season 3 Jump Rope
80%
Season 1 Minigame Lights out
80%
Season 3 Sky Squid Game
80%
Season 2 Mingle
79%
Season 2 Lights out
78%
Season 2 Rebellion
68%
Season 2 Six legged pentathlon
63%
Season 2 minigames Ddakji
60%
Season 2 minigames Gonggi
60%
Season 2 minigames Jegi
60%
Season 2 Bathroom fight
59%
Season 2 Russian Roulette
56%
Season 2 minigames Spinning top
54%
Season 2 Rock, Paper, Scissors, Minus one
46%
Season 2 minigames Biseokchigi
36%
No matching quizzes found
Score Distribution
Percent of People with Each Score
Percentile by Number Answered
Your Score History
You have not taken this quiz